القاهرة تاريخ حاضرة = Le Caire

Saved in:

Main Author: أندريه ريمون

Other Authors: لطيف فرج

Format: Book

Language: Undetermined

Published: Al-Qāhirah Dar alfikr walnashr waltawzie 1993

Tags: Add Tag

No Tags, Be the first to tag this record!

Call Number:

LEADER 00385nam a2200133Ia 4500
008 240503s9999||||xx |||||||||||||| ||und||
020 |a 9775097187 
100 1 |a أندريه ريمون  
245 1 0 |a القاهرة تاريخ حاضرة = Le Caire 
264 1 |a Al-Qāhirah  |b Dar alfikr walnashr waltawzie  |c 1993 
300 |a 389  |c 24 
700 1 |a لطيف فرج 
942 |2 lcc  |c BK 
999 |c 58349  |d 58349